| 000 | 00717nam a2200229Ia 4500 | ||
|---|---|---|---|
| 003 | OSt | ||
| 005 | 20221006143051.0 | ||
| 006 | a|||||r|||| 00| 0 | ||
| 007 | ta | ||
| 008 | 221006b |||||||| |||| 00| 0 eng d | ||
| 024 | _a7,956 | ||
| 037 |
_bGift, Japan Foundation _cTextual |
||
| 040 |
_aEASL _cEASL _beng |
||
| 041 |
_2eng _aeng |
||
| 082 | _aX.20j42.N70<-N69, L0 | ||
| 245 | 0 |
_aIndia-Japan business co-poeration committee _b Papers for the fourth joint meeting Kyoto, september,1070 |
|
| 260 |
_aNew Delhi _bFederation House _c1970 |
||
| 300 |
_a58p. _ccm. |
||
| 490 | _v JEL | ||
| 942 |
_hX.20j42.N70<-N69, L0 _cTEXL _2CC |
||
| 999 |
_c1076042 _d1076042 |
||